Merton H. Miller

Merton H. Miller nositeľ Nobelovej ceny za ekonómiu v roku 1990 za priekopnícky výskum v oblasti teórie financií a zásadný prínos k teórii financií korporácií. Problematika dividendovej politiky korporácií. Teória kapitálovej štruktúry. Význam derivátov. Najdôležitejšie práce M.H. Millera.

Gespeichert in:
Bibliographische Detailangaben
1. Verfasser: Šestáková, Monika
Format: Buchkapitel
Sprache:Slowakisch
Schlagworte:
Tags: Tag hinzufügen
Keine Tags, Fügen Sie das erste Tag hinzu!

MARC

LEADER 00000naa a2200000 4500
001 r045948
005 20220729105901.1
041 0 |a slo 
044 |a SK 
245 1 0 |a Merton H. Miller  |c Monika Šestáková 
520 |a Merton H. Miller nositeľ Nobelovej ceny za ekonómiu v roku 1990 za priekopnícky výskum v oblasti teórie financií a zásadný prínos k teórii financií korporácií. Problematika dividendovej politiky korporácií. Teória kapitálovej štruktúry. Význam derivátov. Najdôležitejšie práce M.H. Millera. 
610 2 0 |a ekonómovia 
610 2 0 |a životopisy 
610 2 0 |a Nobelova cena 
610 2 0 |a teórie ekonomické 
610 2 0 |a politika dividendová 
610 2 0 |a štruktúra kapitálová 
610 2 0 |a deriváty 
610 2 0 |a financie podnikové 
610 2 0 |a Miller, M.H. 
100 1 |a Šestáková, Monika